[Event "FIDE Open World Blitz 2021"]
[Site "Warsaw"]
[Date "2021.12.29"]
[Round "9.45"]
[White "Salem, A.R. Saleh"]
[Black "Costachi, Mihnea"]
[Result "1-0"]
[WhiteElo "2690"]
[BlackElo "2463"]
[Annotator "ChessBase"]
[PlyCount "75"]
[EventDate "2021.12.29"]
[EventType "swiss"]
[EventCountry "POL"]
[Tiebreak "Cut1 Buchholz"]
[SourceTitle "playchess.com"]
[Source "ChessBase"]
[SourceQuality "1"]

1. d4 Nf6 2. c4 g6 3. Nc3 Bg7 4. e4 d6 5. h3 O-O 6. Be3 Nbd7 7. g4 e5 8. d5 Nc5
9. f3 a5 10. Qd2 c6 11. Nge2 cxd5 12. cxd5 Bd7 13. Nc1 a4 14. Nd3 Nxd3+ 15.
Bxd3 Qa5 16. a3 Rfc8 17. O-O Ne8 18. Rac1 Nc7 19. Qf2 b5 20. Na2 Ne8 21. Bb6
Qa6 22. Nb4 Qb7 23. Be3 Bf6 24. Rxc8 Rxc8 25. f4 exf4 26. Qxf4 g5 27. Qf3 h6
28. e5 dxe5 29. Qe4 Bg7 30. Qh7+ Kf8 31. Qg6 f6 32. Be4 Nd6 33. Rxf6+ Bxf6 34.
Qxf6+ Nf7 35. Nd3 Be8 36. Nc5 Rxc5 37. Bxc5+ Kg8 38. Qg6+ 1-0

[Event "FIDE Open World Blitz 2021"]
[Site "Warsaw"]
[Date "2021.12.29"]
[Round "9.46"]
[White "Murzin, Volodar"]
[Black "Hovhannisyan, Robert"]
[Result "1/2-1/2"]
[WhiteElo "2519"]
[BlackElo "2622"]
[Annotator "ChessBase"]
[PlyCount "152"]
[EventDate "2021.12.29"]
[EventType "swiss"]
[EventCountry "POL"]
[Tiebreak "Cut1 Buchholz"]
[SourceTitle "playchess.com"]
[Source "ChessBase"]
[SourceQuality "1"]

1. e4 e5 2. Nf3 Nc6 3. Bb5 Nf6 4. O-O Nxe4 5. Re1 Nd6 6. Nxe5 Be7 7. Bf1 Nxe5
8. Rxe5 O-O 9. d4 Bf6 10. Re1 Re8 11. Rxe8+ Nxe8 12. c3 d5 13. Nd2 c6 14. Nf3
Bg4 15. Be2 Nd6 16. Bf4 Nc4 17. Qc2 Qd7 18. Bxc4 dxc4 19. Ne5 Bxe5 20. Bxe5 f6
21. Bg3 Re8 22. f3 Bf5 23. Qd2 h5 24. h4 Bg6 25. Re1 Rxe1+ 26. Bxe1 Qf5 27. a3
Kf7 28. Bg3 Qb5 29. Kh2 Kg8 30. Bf4 Kh7 31. Kg3 Qb3 32. Qe2 Bc2 33. Qe8 Bg6 34.
Qe2 Qa2 35. Bb8 a6 36. Bf4 Qb1 37. Kh2 Qf5 38. Kg3 b5 39. Qd2 Qb1 40. Kh2 Qf1
41. Qe3 Qd1 42. Qd2 Qf1 43. Qe3 Qa1 44. Qd2 a5 45. Qc1 Qa2 46. Qd2 Qb1 47. Bc7
Bc2 48. Bxa5 Qxb2 49. d5 cxd5 50. Qxd5 Bg6 51. Bb4 Qf2 52. Qd4 Qe1 53. Qf4 Qf2
54. Bf8 Qe1 55. Bb4 Bd3 56. Qg3 Qe6 57. Bf8 Qf7 58. Bb4 Bg6 59. Qf4 Qd7 60. Qd4
Qxd4 61. cxd4 Kg8 62. d5 Kf7 63. Kg3 Bd3 64. Kf4 Bf1 65. g4 hxg4 66. fxg4 Bg2
67. d6 Ke6 68. g5 fxg5+ 69. hxg5 g6 70. Ke3 Kd7 71. Kd4 Kc6 72. d7 Kxd7 73. Kc5
Bc6 74. Ba5 Be4 75. Kxb5 Bd3 76. Kc5 Kc8 1/2-1/2

[Event "FIDE Open World Blitz 2021"]
[Site "Warsaw"]
[Date "2021.12.29"]
[Round "9.47"]
[White "Pichot, Alan"]
[Black "Kozak, Adam"]
[Result "1/2-1/2"]
[WhiteElo "2630"]
[BlackElo "2532"]
[Annotator "ChessBase"]
[PlyCount "263"]
[EventDate "2021.12.29"]
[EventType "swiss"]
[EventCountry "POL"]
[Tiebreak "Cut1 Buchholz"]
[SourceTitle "playchess.com"]
[Source "ChessBase"]
[SourceQuality "1"]

1. e4 c5 2. Nf3 a6 3. Nc3 b5 4. d4 cxd4 5. Nxd4 Bb7 6. Bd3 g6 7. a4 b4 8. Nd5
Bg7 9. Be3 Nf6 10. c4 bxc3 11. Nxc3 O-O 12. Qb3 Bc6 13. h3 d5 14. O-O dxe4 15.
Nxc6 Nxc6 16. Nxe4 Rb8 17. Qd1 Nb4 18. Nxf6+ Bxf6 19. Bc4 Qxd1 20. Raxd1 Bxb2
21. Rd7 Bf6 22. a5 Nc6 23. Rc7 Nxa5 24. Bxa6 Nb3 25. g4 e6 26. Rd1 Rfd8 27.
Rdd7 Rxd7 28. Rxd7 Rd8 29. Rb7 Nd4 30. Kg2 Nc6 31. Bb5 Nd4 32. Ba4 Rc8 33. Rd7
Rc4 34. Bd1 g5 35. h4 h6 36. hxg5 hxg5 37. Ra7 Nc6 38. Rc7 Ne5 39. Rxc4 Nxc4
40. Bc1 Be7 41. Be2 Nd6 42. Ba3 Nc8 43. Bc1 Bf6 44. f4 gxf4 45. Bxf4 Ne7 46.
Kf3 Ng6 47. Bg3 Be5 48. Be1 Nf4 49. Bf1 Kg7 50. Bg3 Ng6 51. Be1 Kf8 52. Bd2 Ke7
53. Bd3 Bd6 54. Bxg6 fxg6 55. Bg5+ Kd7 56. Ke4 Bg3 57. Bf6 Kd6 58. Bd4 Kd7 59.
Bf6 Bd6 60. Bd4 Kc6 61. Bf6 Kc5 62. Bd4+ Kc6 63. Bf6 Bc7 64. Bd4 Kd7 65. Bf6
Ke8 66. Bd4 Kf7 67. Bc3 Bd8 68. Be5 Bf6 69. Bf4 Ke7 70. Bd2 Kd7 71. Bb4 Kc6 72.
Bd2 Kb5 73. Bf4 Kc6 74. Be3 Kd6 75. Bf4+ Ke7 76. Be3 Kf7 77. Bf4 Bd8 78. Be5
Bg5 79. Bd4 Bd8 80. Be5 Ke7 81. Bf4 Kd7 82. Be5 Be7 83. Bd4 Bd6 84. Bf6 Bc7 85.
Bd4 Ke7 86. Bc3 Bd6 87. Bd4 Kf7 88. Bc3 Be7 89. Be5 Bf6 90. Bf4 Ke7 91. Bg3 Kd7
92. Bf4 Bd8 93. Be5 Ke7 94. Bd4 Bc7 95. Bc3 Bd6 96. Bd4 Kf7 97. Bc3 Kg8 98. Bf6
Kh7 99. Bg5 Kg7 100. Be3 Kf6 101. Bd2 e5 102. Kd5 Bc7 103. Ke4 Bb6 104. Bc3 Kg5
105. Kxe5 Kxg4 106. Kf6 Kh5 107. Bd2 Bd8+ 108. Ke5 Bg5 109. Be1 Kg4 110. Ke4
Bf4 111. Ba5 Bg5 112. Bb4 Bc1 113. Ba5 Kh3 114. Bd8 Bd2 115. Be7 Kg4 116. Bd8
Bg5 117. Ba5 Kh3 118. Bc7 Bh4 119. Bf4 Kg4 120. Bd2 Bg3 121. Ba5 Bh4 122. Bd2
Bd8 123. Be3 Bc7 124. Bd2 Bd6 125. Be3 Be7 126. Bd2 Bg5 127. Ba5 Kh3 128. Kf3
Bh6 129. Bd8 Bc1 130. Be7 Bd2 131. Bd8 Bc1 132. Be7 1/2-1/2

[Event "FIDE Open World Blitz 2021"]
[Site "Warsaw"]
[Date "2021.12.29"]
[Round "9.48"]
[White "Holm, Kristian Stuvik"]
[Black "Durarbayli, Vasif"]
[Result "0-1"]
[WhiteElo "2471"]
[BlackElo "2599"]
[Annotator "ChessBase"]
[PlyCount "96"]
[EventDate "2021.12.29"]
[EventType "swiss"]
[EventCountry "POL"]
[Tiebreak "Cut1 Buchholz"]
[SourceTitle "playchess.com"]
[Source "ChessBase"]
[SourceQuality "1"]

1. Nf3 d5 2. d4 c6 3. c4 Nf6 4. Nc3 dxc4 5. a4 Bf5 6. e3 e6 7. Bxc4 Nbd7 8. O-O
Bb4 9. Qe2 Ne4 10. Nxe4 Bxe4 11. Rd1 O-O 12. b3 Qe7 13. Bb2 Rfd8 14. h3 h6 15.
Rac1 Rac8 16. Nd2 Bg6 17. Nf3 Ba3 18. Bd3 Bxd3 19. Rxd3 Nf6 20. Ne5 Bxb2 21.
Qxb2 Nd5 22. Rdd1 Nb4 23. Nd3 Nxd3 24. Rxd3 Rd5 25. Rdc3 Rcd8 26. Rc5 e5 27.
Rxd5 Rxd5 28. dxe5 Rxe5 29. Rd1 Rg5 30. Qd4 Rd5 31. Qa1 Qd7 32. Rxd5 Qxd5 33.
Qc3 c5 34. f3 b6 35. Kf2 Kf8 36. Ke2 Qg5 37. g4 Kg8 38. Qd3 Qe5 39. Qd8+ Kh7
40. Qd3+ g6 41. f4 Qb2+ 42. Kd1 Qa1+ 43. Kc2 Qh1 44. Qd7 Kg7 45. Qxa7 Qg2+ 46.
Kd3 Qd5+ 47. Kc3 Qe6 48. Qxb6 Qxb6 0-1

[Event "FIDE Open World Blitz 2021"]
[Site "Warsaw"]
[Date "2021.12.29"]
[Round "9.49"]
[White "Dudin, Gleb"]
[Black "Mastrovasilis, Dimitrios"]
[Result "0-1"]
[WhiteElo "2339"]
[BlackElo "2577"]
[Annotator "ChessBase"]
[PlyCount "100"]
[EventDate "2021.12.29"]
[EventType "swiss"]
[EventCountry "POL"]
[Tiebreak "Cut1 Buchholz"]
[SourceTitle "playchess.com"]
[Source "ChessBase"]
[SourceQuality "1"]

1. d4 d5 2. c4 e6 3. Nf3 Nf6 4. g3 Be7 5. Bg2 O-O 6. O-O c6 7. Qc2 b6 8. Nbd2
Bb7 9. b3 Nbd7 10. Bb2 Rc8 11. e4 Nxe4 12. Nxe4 dxe4 13. Qxe4 Nf6 14. Qc2 c5
15. Rfd1 cxd4 16. Nxd4 Bxg2 17. Kxg2 Qc7 18. Qe2 a6 19. Rd3 b5 20. cxb5 axb5
21. Rc1 Qa7 22. Nc6 Qb7 23. Qf3 Nd5 24. Nxe7+ Qxe7 25. Rxc8 Rxc8 26. a4 bxa4
27. bxa4 Qb4 28. Be5 Qxa4 29. h4 f6 30. Bd4 Qc6 31. Rd1 Ne7 32. Qxc6 Rxc6 33.
Ra1 Rc7 34. Bb6 Rd7 35. Bc5 Nd5 36. Ra8+ Kf7 37. h5 e5 38. Rf8+ Ke6 39. Rh8 g6
40. hxg6 hxg6 41. Rg8 Kf5 42. Rf8 g5 43. Ba3 g4 44. Bc5 Rc7 45. Bd6 Rc2 46. Kg1
Ke6 47. Ba3 Nc3 48. Bb4 Ne4 49. Re8+ Kf5 50. Rd8 Nxf2 0-1

[Event "FIDE Open World Blitz 2021"]
[Site "Warsaw"]
[Date "2021.12.29"]
[Round "9.50"]
[White "Sadhwani, Raunak"]
[Black "Bologan, Victor"]
[Result "1-0"]
[WhiteElo "2562"]
[BlackElo "2574"]
[Annotator "ChessBase"]
[PlyCount "68"]
[EventDate "2021.12.29"]
[EventType "swiss"]
[EventCountry "POL"]
[Tiebreak "Cut1 Buchholz"]
[SourceTitle "playchess.com"]
[Source "ChessBase"]
[SourceQuality "1"]

1. d4 Nf6 2. Nf3 e6 3. Bf4 b6 4. e3 Bb7 5. h3 Be7 6. Bh2 O-O 7. Be2 c5 8. O-O
cxd4 9. exd4 d6 10. a4 Nc6 11. Nbd2 Re8 12. Re1 Bf8 13. Bf1 e5 14. dxe5 dxe5
15. Nxe5 Nxe5 16. Bxe5 Ne4 17. Nf3 Bc5 18. Bd4 Qc7 19. c3 Re6 20. Qc2 Rae8 21.
Re3 h6 22. Rae1 a6 23. Bd3 Ng5 24. Nxg5 Rxe3 25. Rxe3 Rxe3 26. fxe3 hxg5 27.
Qf2 a5 28. e4 Qd6 29. Qe3 f6 30. Bc4+ Kf8 31. b3 Bc6 32. Bd3 Qe7 33. Kf1 Qd6
34. Ke2 Qe7 1-0

[Event "FIDE Open World Blitz 2021"]
[Site "Warsaw"]
[Date "2021.12.29"]
[Round "9.51"]
[White "Najer, Evgeniy"]
[Black "Mitrabha, Guha"]
[Result "0-1"]
[WhiteElo "2654"]
[BlackElo "2370"]
[Annotator "ChessBase"]
[PlyCount "110"]
[EventDate "2021.12.29"]
[EventType "swiss"]
[EventCountry "POL"]
[Tiebreak "Cut1 Buchholz"]
[SourceTitle "playchess.com"]
[Source "ChessBase"]
[SourceQuality "1"]

1. e4 c6 2. d4 d5 3. e5 Bf5 4. Nf3 e6 5. Be2 Ne7 6. O-O Ng6 7. c4 dxc4 8. Bxc4
Nd7 9. Nc3 Be7 10. Bb3 Nb6 11. Be3 h5 12. Nd2 Nd5 13. Nxd5 cxd5 14. Rc1 f6 15.
exf6 gxf6 16. Bc2 Bxc2 17. Qxc2 Kf7 18. Qa4 Bd6 19. Nf3 Ne7 20. Rc3 Qg8 21. Re1
Qg6 22. Bd2 Rhg8 23. g3 Nc6 24. Rb3 Rab8 25. Rxb7+ Rxb7 26. Qxc6 Rb6 27. Qd7+
Be7 28. Bf4 Qc2 29. b3 Qc6 30. Qxa7 Ra8 31. Qc7 Qxc7 32. Bxc7 Rc6 33. Bf4 Rxa2
34. Be3 Rb2 35. Ra1 Rc7 36. Ra8 Rxb3 37. Rh8 Ra7 38. Rxh5 Ra1+ 39. Kg2 Bf8 40.
Rh7+ Kg8 41. Rc7 Ra2 42. Bf4 Rbb2 43. Be3 Re2 44. Kh3 Rac2 45. Rb7 Rc3 46. Rb6
Kf7 47. Rb7+ Be7 48. Ra7 Ke8 49. Ra8+ Kd7 50. Ra7+ Rc7 51. Ra4 Bd6 52. Ra8 Kc6
53. Re8 Rh7+ 54. Kg2 Re7 55. Rf8 f5 0-1

[Event "FIDE Open World Blitz 2021"]
[Site "Warsaw"]
[Date "2021.12.29"]
[Round "9.52"]
[White "Gareyev, Timur"]
[Black "Sankalp, Gupta"]
[Result "1/2-1/2"]
[WhiteElo "2583"]
[BlackElo "2323"]
[Annotator "ChessBase"]
[PlyCount "142"]
[EventDate "2021.12.29"]
[EventType "swiss"]
[EventCountry "POL"]
[Tiebreak "Cut1 Buchholz"]
[SourceTitle "playchess.com"]
[Source "ChessBase"]
[SourceQuality "1"]

1. e3 e5 2. c4 Nf6 3. a3 c6 4. d4 exd4 5. exd4 d5 6. Nc3 Bd6 7. c5 Bc7 8. Bd3
O-O 9. Nge2 b6 10. b4 a5 11. Bg5 Ba6 12. Bxa6 Nxa6 13. Rb1 axb4 14. axb4 Re8
15. h3 h6 16. Bh4 g5 17. Bg3 Bxg3 18. fxg3 b5 19. O-O Nc7 20. g4 Ne4 21. Nxe4
dxe4 22. Ng3 e3 23. Qf3 Qd5 24. Rbe1 Qxf3 25. Rxf3 Nd5 26. Nf5 e2 27. Nxh6+ Kg7
28. Nxf7 Nxb4 29. Ne5 Nc2 30. Rxe2 Nxd4 31. Rd2 Nxf3+ 32. Nxf3 b4 33. Rb2 Reb8
34. Nd4 Ra6 35. Kf2 Kf6 36. Ke3 Ke5 37. Nb3 Ra3 38. Kd3 Kd5 39. Kc2 Kc4 40.
Nd2+ Kxc5 41. Ne4+ Kd4 42. Nxg5 b3+ 43. Kc1 Ra1+ 44. Kd2 Ra2 45. Nf3+ Kc4 46.
Ne5+ Kd5 47. Nd3 c5 48. Kc3 Rxb2 49. Nxb2 c4 50. g5 Re8 51. Nd1 Re1 52. Kd2 Re5
53. h4 Re4 54. Nc3+ Kd4 55. Nxe4 Kxe4 56. Kc3 Kf5 57. g3 Kg6 58. g4 Kg7 59. h5
Kh7 60. g6+ Kh6 61. Kb2 Kg7 62. g5 Kg8 63. h6 Kh8 64. Kc3 Kg8 65. g7 Kh7 66.
Kd2 b2 67. g6+ Kg8 68. Kc2 c3 69. h7+ Kxg7 70. Kb1 Kh8 71. Kc2 Kg7 1/2-1/2

[Event "FIDE Open World Blitz 2021"]
[Site "Warsaw"]
[Date "2021.12.29"]
[Round "10.1"]
[White "Carlsen, Magnus"]
[Black "Kobalia, Mikhail"]
[Result "1-0"]
[WhiteElo "2855"]
[BlackElo "2600"]
[Annotator "TA"]
[PlyCount "77"]
[EventDate "2021.12.29"]
[EventType "swiss"]
[EventCountry "POL"]
[Tiebreak "Cut1 Buchholz"]
[SourceTitle "playchess.com"]
[Source "ChessBase"]
[SourceQuality "1"]

1. e4 c6 2. d4 d5 3. e5 Bf5 4. c4 e6 5. Nc3 Nd7 6. cxd5 cxd5 7. Bd3 Bxd3 8.
Qxd3 Ne7 9. Nf3 Nc6 10. O-O Be7 11. g3 Qb6 12. h4 h6 13. Kg2 Nb4 14. Qd1 Qa6
15. Ne1 h5 16. a3 Nc6 17. Nf3 Nb6 18. b3 Nd7 19. Ne2 Na5 20. Bg5 Nc6 21. Nf4 g6
22. Qd2 Qb6 23. Rfd1 Rf8 24. Nh3 O-O-O 25. b4 Kb8 26. Rdb1 Bxg5 27. Nhxg5 Ne7
28. b5 Rc8 29. a4 Qc7 30. Rc1 Qb6 31. Qb4 Rxc1 32. Rxc1 Nf5 33. a5 Qd8 34. Qc3
Ne7 35. Nh7 Rh8 36. Nfg5 Qc8 37. Qa3 Qe8 38. Qd6+ Ka8 39. Rc7 1-0

[Event "FIDE Open World Blitz 2021"]
[Site "Warsaw"]
[Date "2021.12.29"]
[Round "10.1"]
[White "Kantor, Gergely"]
[Black "Jobava, Baadur"]
[Result "0-1"]
[WhiteElo "2566"]
[BlackElo "2582"]
[Annotator "ChessBase"]
[PlyCount "71"]
[EventDate "2021.12.29"]
[EventType "swiss"]
[EventCountry "POL"]
[Tiebreak "Cut1 Buchholz"]
[SourceTitle "playchess.com"]
[Source "ChessBase"]
[SourceQuality "1"]

1. d4 d5 2. c4 dxc4 3. Nf3 Nf6 4. e3 Bg4 5. Bxc4 e6 6. Nc3 Nc6 7. h3 Bh5 8. Bb5
Bb4 9. Qa4 Bxf3 10. gxf3 O-O 11. Bd2 Rb8 12. Rg1 a6 13. Bxc6 bxc6 14. Qxc6 Rb6
15. Qc4 Qd7 16. e4 Rfb8 17. Be3 Bxc3+ 18. bxc3 Rb1+ 19. Ke2 R1b2+ 20. Kf1 Nh5
21. Rg5 g6 22. Kg2 Qd6 23. e5 Qe7 24. Rg4 Ng7 25. Qc6 Nf5 26. Bg5 Qa3 27. Bc1
Kg7 28. Qxc7 Qa4 29. Bxb2 Rxb2 30. Kg1 Qc2 31. Rf1 Rxa2 32. Qd8 h5 33. Qf6+ Kg8
34. Rg5 Qxc3 35. Qd8+ Kh7 36. Qf6 0-1

[Event "FIDE Open World Blitz 2021"]
[Site "Warsaw"]
[Date "2021.12.29"]
[Round "10.2"]
[White "Aronian, Levon"]
[Black "Fedoseev, Vladimir"]
[Result "1-0"]
[WhiteElo "2782"]
[BlackElo "2704"]
[Annotator "TA"]
[PlyCount "113"]
[EventDate "2021.12.29"]
[EventType "swiss"]
[EventCountry "POL"]
[Tiebreak "Cut1 Buchholz"]
[SourceTitle "playchess.com"]
[Source "ChessBase"]
[SourceQuality "1"]

1. e4 c6 2. d4 d5 3. exd5 cxd5 4. Bd3 Nc6 5. c3 Qc7 6. h3 e5 7. dxe5 Nxe5 8.
Nf3 Nxd3+ 9. Qxd3 Bd6 10. O-O Ne7 11. Re1 O-O 12. Bg5 Bf5 13. Qd1 Rfe8 14. Nd4
Bd7 15. Nd2 Ng6 16. N2f3 Re4 17. Qb3 h6 18. Be3 Ne7 19. Nb5 Bxb5 20. Qxb5 a6
21. Qd3 Re8 22. Bd2 Qb6 23. b4 Rxe1+ 24. Rxe1 Qc7 25. a4 Rd8 26. a5 Nc6 27. Be3
Qd7 28. Bb6 Bc7 29. Bxc7 Qxc7 30. Nd4 Ne7 31. Re3 Ng6 32. Ne6 fxe6 33. Qxg6 Qf7
34. Rxe6 d4 35. cxd4 Qxg6 36. Rxg6 Rxd4 37. Rb6 Rd7 38. g4 Kf7 39. Kg2 g6 40.
Kg3 Rd3+ 41. f3 Rd7 42. h4 Kg7 43. h5 gxh5 44. gxh5 Rf7 45. f4 Kh7 46. Kg4 Kg7
47. f5 Rd7 48. Rg6+ Kf7 49. Rxh6 Rd4+ 50. Kg5 Rxb4 51. Rf6+ Kg8 52. h6 Ra4 53.
Rb6 Rxa5 54. Rxb7 Ra1 55. f6 Rg1+ 56. Kf5 Rh1 57. Rg7+ 1-0

[Event "FIDE Open World Blitz 2021"]
[Site "Warsaw"]
[Date "2021.12.29"]
[Round "10.2"]
[White "Gukesh D"]
[Black "Tari, Aryan"]
[Result "1-0"]
[WhiteElo "2621"]
[BlackElo "2649"]
[Annotator "ChessBase"]
[PlyCount "104"]
[EventDate "2021.12.29"]
[EventType "swiss"]
[EventCountry "POL"]
[Tiebreak "Cut1 Buchholz"]
[SourceTitle "playchess.com"]
[Source "ChessBase"]
[SourceQuality "1"]

1. d4 d5 2. c4 e6 3. Nf3 Nf6 4. Nc3 c5 5. cxd5 exd5 6. Bg5 Be6 7. Bxf6 Qxf6 8.
e4 dxe4 9. Bb5+ Nc6 10. Nxe4 Qf4 11. Qe2 Be7 12. O-O O-O 13. Bxc6 bxc6 14. dxc5
Bd5 15. Rfe1 Rfe8 16. Qd2 Qxd2 17. Nfxd2 f5 18. Nd6 Bxd6 19. cxd6 Red8 20. Nb1
Rxd6 21. Nc3 Be6 22. f3 Kf7 23. Re2 a5 24. Na4 Rb8 25. b3 Rb5 26. Rc1 Rbd5 27.
Kf2 f4 28. Nc3 Rc5 29. Rcc2 Rd3 30. Ne4 Rxc2 31. Rxc2 Bd5 32. Nc5 Rd4 33. Ke2
Ke7 34. Rd2 Rb4 35. Kd3 Kd6 36. Na4 c5 37. Kc3 Kc6 38. Nb2 g5 39. Nd3 Rd4 40.
Ne5+ Kd6 41. Rxd4 cxd4+ 42. Kxd4 h5 43. Nc4+ Ke6 44. Nxa5 g4 45. fxg4 hxg4 46.
g3 f3 47. Ke3 Kd6 48. Nc4+ Bxc4 49. bxc4 Kc5 50. h3 gxh3 51. Kxf3 Kxc4 52. g4
Kd5 1-0

[Event "FIDE Open World Blitz 2021"]
[Site "Warsaw"]
[Date "2021.12.29"]
[Round "10.3"]
[White "Sindarov, Javokhir"]
[Black "Kravtsiv, Martyn"]
[Result "0-1"]
[WhiteElo "2587"]
[BlackElo "2616"]
[Annotator "ChessBase"]
[PlyCount "106"]
[EventDate "2021.12.29"]
[EventType "swiss"]
[EventCountry "POL"]
[Tiebreak "Cut1 Buchholz"]
[SourceTitle "playchess.com"]
[Source "ChessBase"]
[SourceQuality "1"]

1. e4 e5 2. Nf3 Nc6 3. Bc4 Nf6 4. Ng5 d5 5. exd5 Na5 6. Bb5+ c6 7. dxc6 bxc6 8.
Bd3 Bd6 9. O-O O-O 10. Nc3 h6 11. Nge4 Nd5 12. Nxd6 Qxd6 13. Re1 f5 14. Bf1 Bd7
15. b3 Rae8 16. Bb2 Nb7 17. d3 Nd8 18. Qc1 Nxc3 19. Bxc3 c5 20. Qa3 Nc6 21. Qa6
Re6 22. a3 Qd5 23. Qc4 Qxc4 24. dxc4 Nd4 25. Bxd4 exd4 26. b4 Rc8 27. b5 Kf7
28. a4 a5 29. Rxe6 Kxe6 30. Re1+ Kd6 31. f4 Re8 32. Rxe8 Bxe8 33. Kf2 Bf7 34.
Bd3 Be6 35. h4 h5 36. Ke1 g6 37. Kd2 Bf7 38. c3 Be6 39. cxd4 cxd4 40. b6 Bc8
41. Be2 Kc5 42. Bf3 Kxb6 43. Bd5 Bd7 44. Bf7 Bxa4 45. Bxg6 Bc6 46. Bxh5 a4 47.
Bd1 a3 48. Bb3 Be8 49. Kc2 Kc5 50. Kb1 d3 51. Ka2 Kb4 52. c5 d2 53. c6 Bf7 0-1

[Event "FIDE Open World Blitz 2021"]
[Site "Warsaw"]
[Date "2021.12.29"]
[Round "10.3"]
[White "Suleymanli, Aydin"]
[Black "Bluebaum, Matthias"]
[Result "1-0"]
[WhiteElo "2541"]
[BlackElo "2609"]
[Annotator "ChessBase"]
[PlyCount "135"]
[EventDate "2021.12.29"]
[EventType "swiss"]
[EventCountry "POL"]
[Tiebreak "Cut1 Buchholz"]
[SourceTitle "playchess.com"]
[Source "ChessBase"]
[SourceQuality "1"]

1. d4 d5 2. Nf3 Nf6 3. Bf4 c5 4. e3 Nc6 5. c3 Qb6 6. Qb3 c4 7. Qc2 Bf5 8. Qc1
Nh5 9. Be2 Nxf4 10. exf4 e6 11. O-O Bd6 12. g3 O-O 13. Nbd2 h6 14. b3 cxb3 15.
axb3 Rfc8 16. Qb2 Qc7 17. Ra4 a5 18. Rfa1 Rcb8 19. Bb5 Qb6 20. Be2 Qd8 21. Bb5
Bc7 22. Ne5 Na7 23. Be2 b5 24. R4a2 Bb6 25. b4 a4 26. Nb1 Bxb1 27. Qxb1 Bc7 28.
Qd3 Qe8 29. Ng4 Nc8 30. Bd1 f5 31. Ne3 Nd6 32. Bc2 Qc6 33. Ra3 Bd8 34. Bd1 Bf6
35. Bf3 Rc8 36. h4 Rc7 37. Be2 Rac8 38. Kh2 Qb6 39. Kg1 Rc6 40. Nd1 Qc7 41. Qe3
Kh8 42. Qxe6 Nc4 43. Qxd5 Nxa3 44. Rxa3 Qe7 45. Qxb5 Re6 46. Bf3 Bxh4 47. Rxa4
Bf6 48. Qxf5 Re8 49. Kg2 Re1 50. Ra5 Qf7 51. Re5 Qc4 52. Rxe8+ Rxe8 53. Be4 Qg8
54. b5 Rf8 55. Qg6 Bd8 56. Ne3 Rf6 57. Qg4 Qe8 58. Qf3 Ba5 59. Bc6 Qb8 60. Nd5
Rf8 61. f5 Qd6 62. Qe4 Bd8 63. Nf4 Kg8 64. Bd5+ Kh7 65. f6+ Kh8 66. Ng6+ Kh7
67. Nxf8+ Kh8 68. Qh7# 1-0

[Event "FIDE Open World Blitz 2021"]
[Site "Warsaw"]
[Date "2021.12.29"]
[Round "10.4"]
[White "Dubov, Daniil"]
[Black "Mamedyarov, Shakhriyar"]
[Result "1-0"]
[WhiteElo "2714"]
[BlackElo "2765"]
[Annotator "ChessBase"]
[PlyCount "138"]
[EventDate "2021.12.29"]
[EventType "swiss"]
[EventCountry "POL"]
[Tiebreak "Cut1 Buchholz"]
[SourceTitle "playchess.com"]
[Source "ChessBase"]
[SourceQuality "1"]

1. d4 d5 2. Nf3 Nf6 3. c4 e6 4. g3 Bb4+ 5. Nbd2 O-O 6. Bg2 b6 7. O-O Bb7 8. Ne5
Be7 9. b3 Nfd7 10. Nd3 a5 11. Bb2 Na6 12. a3 c5 13. cxd5 Bxd5 14. Bxd5 exd5 15.
Rc1 Rc8 16. e3 cxd4 17. Rxc8 Qxc8 18. Bxd4 Bf6 19. Nf3 Nac5 20. Nf4 Bxd4 21.
exd4 Ne4 22. Nxd5 Qb7 23. Nf4 Ndf6 24. Ne5 Rd8 25. Re1 b5 26. Ng4 g6 27. Nxf6+
Nxf6 28. d5 Qd7 29. Qd4 Qd6 30. h4 Re8 31. Rxe8+ Nxe8 32. b4 axb4 33. axb4 h5
34. Qc5 Qd7 35. Qc6 Qxc6 36. dxc6 Nc7 37. Kg2 Kf8 38. Kf3 Ke7 39. Ke4 Kd6 40.
Nd3 Nd5 41. Kd4 Ne7 42. c7 Nc6+ 43. Ke4 Kxc7 44. Kd5 f6 45. Kc5 g5 46. Kxb5
Nd4+ 47. Kc5 Nf3 48. b5 gxh4 49. gxh4 Nxh4 50. Nf4 Nf3 51. Nxh5 Ne5 52. Nf4
Nd7+ 53. Kb4 Ne5 54. Kc5 Nd7+ 55. Kc4 Ne5+ 56. Kb4 Nd7 57. Ka5 Kb7 58. Nd3 Kc7
59. Ka6 Nb6 60. Nf4 Nd7 61. Ka7 f5 62. Nd5+ Kd6 63. Ne3 Kc5 64. Ka6 f4 65. Ng2
f3 66. Ne1 Kb4 67. b6 Nc5+ 68. Ka7 Kb5 69. b7 Kb4 1-0

[Event "FIDE Open World Blitz 2021"]
[Site "Warsaw"]
[Date "2021.12.29"]
[Round "10.4"]
[White "Costachi, Mihnea"]
[Black "Alonso Rosell, Alvar"]
[Result "1-0"]
[WhiteElo "2463"]
[BlackElo "2580"]
[Annotator "ChessBase"]
[PlyCount "69"]
[EventDate "2021.12.29"]
[EventType "swiss"]
[EventCountry "POL"]
[Tiebreak "Cut1 Buchholz"]
[SourceTitle "playchess.com"]
[Source "ChessBase"]
[SourceQuality "1"]

1. d4 f5 2. Bg5 g6 3. e3 Bg7 4. h4 d6 5. c4 h6 6. Bf4 Nf6 7. Nc3 O-O 8. Nf3 Ng4
9. c5 e5 10. dxe5 dxe5 11. Bc4+ Kh8 12. Qxd8 Rxd8 13. Bg3 c6 14. Ng5 Rf8 15.
Nf7+ Kh7 16. Nd6 Na6 17. Bxa6 bxa6 18. Rd1 Be6 19. O-O Rab8 20. Rd2 f4 21. exf4
exf4 22. Bh2 f3 23. gxf3 Rxf3 24. Bg3 Bg8 25. Re1 Bf6 26. Nde4 Bg7 27. Bxb8 Be6
28. Bg3 Rf8 29. Ng5+ hxg5 30. Rxe6 gxh4 31. Bxh4 Ne5 32. Rxe5 Bxe5 33. Rd7+ Kh6
34. Bg3 Bd4 35. Rxd4 1-0

[Event "FIDE Open World Blitz 2021"]
[Site "Warsaw"]
[Date "2021.12.29"]
[Round "10.5"]
[White "Amin, Bassem"]
[Black "Duda, Jan-Krzysztof"]
[Result "1/2-1/2"]
[WhiteElo "2617"]
[BlackElo "2756"]
[Annotator "ChessBase"]
[PlyCount "152"]
[EventDate "2021.12.29"]
[EventType "swiss"]
[EventCountry "POL"]
[Tiebreak "Cut1 Buchholz"]
[SourceTitle "playchess.com"]
[Source "ChessBase"]
[SourceQuality "1"]

1. Nf3 Nf6 2. g3 g6 3. Bg2 Bg7 4. O-O O-O 5. d3 d5 6. Nbd2 c5 7. e4 Nc6 8. c3
b6 9. Re1 e6 10. e5 Nd7 11. d4 a5 12. Nf1 Ba6 13. Bg5 Qc7 14. Qd2 Rfc8 15. Rac1
b5 16. h4 b4 17. N1h2 bxc3 18. bxc3 h5 19. g4 Rab8 20. gxh5 gxh5 21. Kh1 Nf8
22. Bf6 Ng6 23. Qg5 Bxf6 24. exf6 Qf4 25. Qxh5 Qxf6 26. Ng4 Qg7 27. Qg5 Kf8 28.
Nf6 Rb7 29. Nh5 Qh8 30. Bh3 Bd3 31. Nf6 Nge7 32. Rg1 Bf5 33. Bxf5 Nxf5 34. Rce1
Qg7 35. Qxg7+ Nxg7 36. h5 Ne8 37. Rg8+ Ke7 38. Ng4 Nd6 39. Rxc8 Nxc8 40. h6 Rb8
41. dxc5 N8a7 42. Nd4 Rg8 43. f3 Nxd4 44. cxd4 Nc6 45. Rd1 f5 46. Ne5 Nxe5 47.
dxe5 Rg6 48. Rb1 Rxh6+ 49. Kg2 Kd7 50. Rb6 Rh4 51. Rd6+ Ke7 52. Ra6 Ra4 53.
Ra7+ Kd8 54. c6 Rxa2+ 55. Kg3 Rc2 56. Rd7+ Ke8 57. Rd6 Kf7 58. Rd7+ Kg6 59. Rd6
Kg5 60. f4+ Kh5 61. Rxe6 Rc3+ 62. Kf2 a4 63. Rd6 a3 64. Rxd5 Rxc6 65. Ra5 Rc2+
66. Ke3 a2 67. e6 Kg6 68. e7 Kf7 69. Rxf5+ Kxe7 70. Ra5 Kd6 71. Kd3 Rf2 72. Kc3
Ke6 73. Kb3 Kf6 74. Rxa2 Rxa2 75. Kxa2 Kf5 76. Kb3 Kxf4 1/2-1/2

[Event "FIDE Open World Blitz 2021"]
[Site "Warsaw"]
[Date "2021.12.29"]
[Round "10.5"]
[White "Gabuzyan, Hovhannes"]
[Black "Tazbir, Marcin"]
[Result "0-1"]
[WhiteElo "2580"]
[BlackElo "2508"]
[Annotator "ChessBase"]
[PlyCount "88"]
[EventDate "2021.12.29"]
[EventType "swiss"]
[EventCountry "POL"]
[Tiebreak "Cut1 Buchholz"]
[SourceTitle "playchess.com"]
[Source "ChessBase"]
[SourceQuality "1"]

1. Nf3 d5 2. g3 c5 3. Bg2 Nc6 4. O-O Nf6 5. d3 g6 6. Nbd2 Bg7 7. e4 O-O 8. Re1
e6 9. c3 b5 10. exd5 exd5 11. Nb3 c4 12. dxc4 bxc4 13. Nbd4 Nxd4 14. Nxd4 Bb7
15. Bg5 h6 16. Bxf6 Qxf6 17. Qd2 Rfe8 18. h4 Qb6 19. Rxe8+ Rxe8 20. Ne2 g5 21.
hxg5 hxg5 22. Rd1 Re5 23. Nd4 Bf6 24. b3 cxb3 25. axb3 Qc5 26. b4 Qc7 27. Rc1
Re8 28. Nf5 Rd8 29. Nh6+ Kg7 30. Ng4 Qb6 31. Nxf6 Kxf6 32. Rd1 Kg6 33. c4 d4
34. c5 Qc7 35. c6 Bc8 36. Be4+ f5 37. Bg2 d3 38. Qc3 Qd6 39. Rd2 Ba6 40. Qa3
Bb5 41. Qxa7 Bxc6 42. Bxc6 Qxc6 43. Qe3 Rh8 44. f3 Qc1+ 0-1